Philadelphia Eagles - Statistics

General Stats
  • This quiz has been taken 152 times
  • The average score is 10 of 18
Answer Stats
Questions Answer % Correct
What is the 2021- 2022 starting quarterback? Jalen Hurts
100%
Who is there 2021 - 2022 starting Center? Jason Kelce
91%
Who is there 2021 - 2022 starting RB? Miles Sanders
88%
Who is there 2021 - 2022 starting Right Tackle? Lane Johnson
87%
Who is there 2021 - 2022 starting TE? Dallas Goedert
84%
Who is there 2021 - 2022 starting WR? DeVonta Smith
81%
Who is there 2021 - 2022 starting Left Cornerback Darius Slay
73%
Who is there 2021 - 2022 starting Right Defensive Tackle? Fletcher Cox
72%
Who is there 2021 - 2022 starting Left Tackle? Jordan Mailata
69%
Who is there 2021 - 2022 starting Left Defensive End? Brandon Graham
68%
Who is there 2021 - 2022 starting Right Guard? Brandon Brooks
37%
Who is there 2021 - 2022 starting Left Defensive Tackle? Javon Hargrave
36%
Who is there 2021 - 2022 starting Left Guard? Isaac Seumalo
34%
Who is there 2021 - 2022 starting Right Defensive End? Derek Barnett
32%
Who is there 2021 - 2022 starting Weakside Linebacker? Alex Singleton
30%
Who is there 2021 - 2022 starting Right Cornerback? Steven Nelson
19%
Who is there 2021 - 2022 starting Strongside Linebacker? Genard Avery
10%
Who is there 2021 - 2022 starting Middle Linebacker? Eric Wilson
9%
No matching quizzes found
Score Distribution
Percent of People with Each Score
Percentile by Number Answered
Your Score History
You have not taken this quiz